000
00291nam a22001337a 4500
008
181121b xxu||||| |||| 00| 0 eng d
020
_a
9780130304582
041
_a
eng
080
_a
610
100
_a
3
101
_a
SHM
245
_a
Mental Health Nursing
_c
Hogan.M
942
_2
udc
_c
BK
999
_c
52263
_d
52263